A animals - Statistics

General Stats
  • This quiz has been taken 90 times
  • The average score is 9 of 13
Answer Stats
Picture Answer % Correct
Alligator
97%
Ant
85%
Alpaca
78%
Anaconda
73%
Anteater
73%
Armadillo
72%
African elephant
70%
Axolotl
64%
Ape
63%
Arctic fox
61%
Antelope
54%
Aardvark
49%
Aye aye
36%
No matching quizzes found
Score Distribution
Percent of People with Each Score
Percentile by Number Answered
Your Score History
You have not taken this quiz